| 000 | 00547nam a22001937a 4500 | ||
|---|---|---|---|
| 003 | DO-SdBNP | ||
| 005 | 20211202090305.0 | ||
| 008 | 211202b1988 ||||| |||| 00| 0 spa d | ||
| 040 |
_aDO-SdBNP _bspa _cBNPHU |
||
| 082 |
_aRD861.42 _bP744 |
||
| 245 |
_aPoemas de amor / _cRodolfo Coiscou Weber, director |
||
| 260 |
_aSanto Domingo : _bCasa Weber, _c1988 |
||
| 300 |
_a58 p. ; _c17 cm |
||
| 590 | _aInventariado, 2021 / DG | ||
| 650 |
_aPoesÃa dominicana _980796 |
||
| 650 |
_aLiteratura dominicana _980797 |
||
| 910 | _aD/G | ||
| 942 |
_2ddc _cLBS1 |
||
| 999 |
_c51088 _d51088 |
||